| 000 | 00759nam a22002297a 4500 | ||
|---|---|---|---|
| 003 | OSt | ||
| 005 | 20240530110424.0 | ||
| 008 | 150318r2011 ua abohf b 001 0 fre d | ||
| 020 | _a9782724704884 | ||
| 020 | _a9782724705645 | ||
| 022 | _202574136 | ||
| 040 |
_aEG-CaGPL _cEG-CaGPL |
||
| 082 | 0 | 4 |
_221 _a930.1 _bCC/A D |
| 100 | 0 | _aAli Ibrahim Al Ghabban | |
| 245 | 1 | 4 |
_aLes Deux Routes Syrienne et Egyptienne de Pelerinage : _bau Nord - Ouest de L' Arabie Saoudite / _cAli Ibrahim Al Ghabban |
| 260 |
_aLe Caire : _bInstitut Francais D'Archeologie Orientale , _c2011 . |
||
| 300 |
_a2 parts : _bill. , maps ; _c28 cm. |
||
| 504 | _aIncludes bibliographical references. | ||
| 651 | 0 |
_aAlHejaz _yHistory |
|
| 942 |
_2ddc _cBK |
||
| 999 |
_c60709 _d60709 |
||